00609 2200241 4500001002100000005001700021008004100038020001800079035002400097082001200121090001900133100002200152245004100174250001100215260003700226300001900263650002300282850001500305980001300320985000600333986001300339999001500352YOGYA-0209000001039120090227022033.0 ind  a979-514-064-7 0010-020900000010391 a297.431 a297.431bSal R aSALIM, H. Hadiyah aRumahku mahligaikucH. Hadiyah Salim aCet. 7 aBandungbRemaja Rosdakaryac1994 a160 hlmc18 cm aPerkawinan (Islam) aYOPDYOG(B) a05-07-13 a1 aMsrthrev a96P0076499